„Wirtschaftsdeutsch im Handel“ – prezentácia učebného materiálu
Oboznámenie s novými skriptami pri vyučovaní odborného nemeckého jazyka v špecializovanom kurze na Obchodnej fakulte Ekonomickej univerzity v Bratislave.
Guardado en:
| Autor principal: | |
|---|---|
| Otros Autores: | |
| Formato: | Capítulo de libro |
| Lenguaje: | eslovaco |
| Materias: | |
| Etiquetas: |
Sin Etiquetas, Sea el primero en etiquetar este registro!
|
MARC
| LEADER | 00000nla$a2200000$$$4500 | ||
|---|---|---|---|
| 001 | 0114312 | ||
| 005 | 20240502072256.0 | ||
| 041 | 0 | |a slo | |
| 044 | |a SK | ||
| 245 | 1 | 0 | |a „Wirtschaftsdeutsch im Handel“ – prezentácia učebného materiálu |c Zuzana Kočišová, Eleonóra Flochová |
| 520 | |a Oboznámenie s novými skriptami pri vyučovaní odborného nemeckého jazyka v špecializovanom kurze na Obchodnej fakulte Ekonomickej univerzity v Bratislave. | ||
| 610 | 2 | 0 | |a vyučovanie |
| 610 | 2 | 0 | |a nemčina |
| 610 | 2 | 0 | |a jazyky cudzie |
| 100 | 1 | |a Kočišová, Zuzana, 1956- | |
| 700 | 1 | |a Flochová, Eleonóra | |